Agricultural Biotechnology, Forestry and Products (Record no. 16904)

000 -LEADER
fixed length control field 00282nam a22001097a 4500
008 - FIXED-LENGTH DATA ELEMENTS--GENERAL INFORMATION
fixed length control field 140206t xxu||||| |||| 00| 0 eng d
020 ## - INTERNATIONAL STANDARD BOOK NUMBER
International Standard Book Number 978-81-261-3280-5
100 ## - MAIN ENTRY--PERSONAL NAME
Personal name P.R. Gilbert
9 (RLIN) 642
245 ## - TITLE STATEMENT
Title Agricultural Biotechnology, Forestry and Products
300 ## - PHYSICAL DESCRIPTION
Extent 287
942 ## - ADDED ENTRY ELEMENTS (KOHA)
Source of classification or shelving scheme
Koha item type Book
Holdings
Withdrawn status Lost status Source of classification or shelving scheme Damaged status Not for loan Collection code Permanent Location Current Location Date acquired Total Checkouts Total Renewals Full call number Barcode Date last seen Date last checked out Price effective from Koha item type
            Atta-ur-Rahman School of Applied Biosciences (ASAB) Atta-ur-Rahman School of Applied Biosciences (ASAB) 02/06/2014 2 2 630 Gil ASAB1658 04/15/2016 10/12/2015 02/06/2014 Book
© 2023 Central Library, National University of Sciences and Technology. All Rights Reserved.